000 01548nam a2200325 a 4500
001 BRCA_5028
005 20190320204918.0
008 031110s1787----mx-######v---#000-0#spa-#
041 _aspa
044 _amx
084 _aDOC93
_b.C53
_c1787
100 1 _aClavijo y Mora, Manuel
_912836
245 1 0 _aDocumento que contiene recibos de rédito a favor de Doña María Josefa de Oviedo
_cManuel Clavijo y Mora ; Felipe Vallejo ; Manuel de la Borda.
260 _aMéxico
_c1787
300 _a[3] fojas
_c31 x 21 cm.
500 _aDocumentos firmados por Manuel Clavijo y Felipe Vallejo los días 25 y 26 de mayo y 27 de noviembre de 1787.
500 _aRecibos de cantidades de dinero que en concepto de rédito recibieron las albaceas de Doña María Josefa de Oviedo de Don Manuel de la Borda por la venta de su casa.
500 _aEl documento contiene la leyenda DOC. #253.
500 _aEstado de conservación: contienen graves daños en la parte inferior, provocados por insectos y los márgenes maltratados.
506 0 _aFondo Reservado. Para su consulta es necesario credencial de usuario y carta de motivos.
546 _aTexto en: Español de finales del siglo XVIII.
600 1 4 _aClavijo y Mora Manuel
_xHistoria
_912837
650 1 4 _aCompraventa de bienes raíces
_vManúscritos
_zMéxico
_912838
651 4 _aMéxico
_xHistoria
_yColonia, 1521-1821
_912461
700 1 _aOviedo. María Josefa de
_912839
700 1 _aVallejo, Felipe
_912840
700 1 _aBorda, Manuel de la
_912841
902 _aFDH
942 _2lcc
_cD
999 _c4722
_d4722